[Event "59. BEM 2005"]
[Site "Dortmund"]
[Date "2005.03.17"]
[Round "9"]
[White "Krüger, Sven"]
[Black "Hansen, Jochen"]
[Result "1/2-1/2"]
[WhiteElo "1233"]
[BlackElo "1374"]
[PlyCount "68"]
[EventDate "2005.??.??"]
[Source "SG Dortmund"]
[SourceDate "2004.12.16"]

1. e4 c5 2. Nf3 d6 3. Bc4 Bg4 4. O-O Nf6 5. d3 h6 6. a3 a6 7. Nbd2 Nc6 8. c3 e6
9. Re1 Be7 10. Nf1 O-O 11. h3 Bh5 12. Ng3 Bg6 13. Be3 b5 14. Bb3 d5 15. e5 Nd7
16. Nh2 d4 17. Bf4 Bg5 18. Qg4 Bxf4 19. Qxf4 Bxd3 20. Nf3 dxc3 21. bxc3 c4 22.
Ba2 Qa5 23. Rec1 Qxa3 24. Bxc4 Qc5 25. Bxd3 Ndxe5 26. Nxe5 Nxe5 27. Bc2 Rfd8
28. Qe4 g6 29. Qe2 Kg7 30. Ne4 Qb6 31. Re1 Nc4 32. Bd3 Ne5 33. Bc2 Nc4 34. Bd3
Ne5 1/2-1/2

[Event "58. BEM 2004"]
[Site "Dortmund"]
[Date "2004.03.01"]
[Round "1.1"]
[White "Raskin, Vitali"]
[Black "Eismont, Igor"]
[Result "0-1"]
[WhiteElo "1668"]
[BlackElo "2230"]
[Annotator "Fritz 7 (15s)"]
[PlyCount "58"]
[EventDate "2004.??.??"]
[Source "SG Dortmund"]
[SourceDate "2004.12.16"]

{E22: Nimzo-Indian: 4 Qb3
} 1. d4 Nf6 2. c4 e6 3. Nc3 Bb4 4. Qb3 c5 5. dxc5 Na6
6. Nf3 Ne4 (6... O-O 7. Bg5 Bxc5 8. e3 b6 9. Be2 Bb7 10. O-O Be7 11. Rfd1 Nc5
12. Qc2 Nfe4 13. Bxe7 Qxe7 14. Nxe4 Nxe4 15. Nd2 Nf6 16. Bf3 Bxf3 17. Nxf3 Rfc8
18. Qd3 Qc5 19. b3 d5 {1/2-1/2 Serper,G-Gulko,B/Salt Lake City 1999/CBM 73 (19)
}) 7. Bd2 Bxc3 $146 (7... Nxd2 8. Nxd2 Qa5 9. Rc1 Nxc5 10. Qc2 b6 11. e3 (11.
a3 Bxc3 12. Qxc3 Qxc3 13. Rxc3 Bb7 14. e3 O-O 15. f3 Rac8 16. Be2 Rfd8 17. Kf2
d5 18. Rhc1 d4 19. exd4 Rxd4 20. Nb3 Nxb3 21. Rxb3 Rc5 22. Rd3 Rxd3 23. Bxd3
Kf8 24. b4 Rc8 25. Ke3 h6 {
Sekulovska,V-Smajlovic,L/Elista 1998/CBM 66 ext/0-1 (59)}) (11. Ndb1 Qxa2 12.
e3 Bb7 13. f3 Na4 14. Kf2 Nxc3 15. Nxc3 Bxc3 16. Qxc3 O-O 17. h4 Qa4 18. h5 h6
19. g4 Qc6 20. Be2 f6 21. Qd3 Rad8 22. b4 a5 23. bxa5 bxa5 24. Qg6 d6 25. Rb1
Ba8 {Sliwa,B-Liebert,H/Polanica Zdroj 1963/EXT 2000/1-0 (39)}) 11... Bb7 12.
Be2 Bxc3 13. Qxc3 Qxc3 14. Rxc3 O-O 15. Bf3 Bxf3 16. gxf3 Rfd8 17. Ke2 d5 18.
b4 Nb7 19. cxd5 Rxd5 20. Rhc1 Rad8 21. R1c2 h6 22. Rc7 R8d7 23. Rxd7 Rxd7 24.
Rc8+ Kh7 25. Nc4 f6 26. Rc6 e5 27. a4 Kg6 {
1-0 Larsen,O-Carlsson,G/Helsingor 1981/MCD (27)}) 8. Bxc3 ({Weniger gut ist} 8.
bxc3 Naxc5 9. Qb4 d6 $17) 8... Naxc5 9. Qc2 Nxc3 10. Qxc3 O-O 11. b4 Ne4 12.
Qc2 d5 13. e3 Qe7 14. a3 a5 15. Rb1 axb4 16. axb4 e5 17. Bd3 (17. cxd5 $5 {
ist vielleicht staerker} 17... Nd6 18. Qb2 $11) 17... Nf6 $15 18. e4 dxc4 19.
Bxc4 Bg4 20. Nd2 Rac8 21. f3 $2 (21. Qb3 $142 $17) 21... Be6 $19 22. Qb3 {
Diagramm #} 22... Rxc4 $1 {Rumms!} 23. Nxc4 (23. Qxc4 Bxc4) 23... b5 24. Qe3
Bxc4 25. Kf2 Nh5 26. g3 f5 27. exf5 Rxf5 28. Rhd1 (28. Rhe1 Bd5 29. Kg1 Bxf3
$19) 28... Nf6 29. Qc5 (29. Kg1 $19) 29... Ne4+ (29... Ne4+ 30. Kg2 Nxc5 31.
bxc5 Be2 $19) 0-1

[Event "58. BEM 2004"]
[Site "Dortmund"]
[Date "2004.03.01"]
[Round "1.2"]
[White "Kartsev, Soel"]
[Black "Orlowski, Wilfried"]
[Result "1-0"]
[WhiteElo "2172"]
[BlackElo "1668"]
[Annotator "Fritz 7 (15s)"]
[PlyCount "61"]
[EventDate "2004.??.??"]
[Source "SG Dortmund"]
[SourceDate "2004.12.16"]

{A45: Trompowsky Attack
} 1. d4 Nf6 2. Bg5 e6 3. c4 Bb4+ 4. Nd2 c5 (4... h6 5.
Bxf6 Qxf6 6. Ngf3 O-O 7. e3 d6 8. Be2 e5 9. O-O Bxd2 10. Qxd2 Bg4 11. h3 Bh5
12. b4 e4 13. Nh2 Bxe2 14. Qxe2 Nd7 {
1/2-1/2 Garcia Palermo,C-Garcia Gonzales,G/Cienfuegos 1986/MCL (14)}) 5. e3
$146 (5. Ngf3 cxd4 6. Nxd4 Nc6 7. N4f3 d5 8. e3 Be7 9. Be2 O-O 10. O-O b6 11.
Rc1 Bb7 12. cxd5 Nxd5 13. Bxe7 Qxe7 14. Qa4 Qb4 15. Qxb4 Ncxb4 16. a3 Nc6 17.
g3 Rfd8 18. Rfe1 Nf6 19. Nc4 Ne8 {
Pleci,I-Endzelins,L/Stockholm 1937/EXT 2000/1-0 (39)}) (5. a3 Bxd2+ 6. Qxd2
cxd4 7. Qxd4 Nc6 8. Qc3 h6 9. Bh4 Qa5 10. Bxf6 gxf6 11. Qxa5 Nxa5 12. e3 Nb3
13. Rd1 b6 14. Nf3 Ba6 15. Nd2 Nxd2 16. Rxd2 Rc8 17. b3 Rg8 18. f3 Ke7 19. Kf2
Bb7 {Smirnov,A-Abrosimov,V/Tula 2001/EXT 2002/1-0 (47)}) (5. d5 h6 6. Bxf6 Qxf6
7. Qc2 O-O 8. Ngf3 exd5 9. cxd5 Re8 10. e4 Qg6 11. O-O-O Bxd2+ 12. Nxd2 d6 13.
f4 a6 14. g3 b5 15. Bg2 c4 16. Rde1 Nd7 17. e5 Qxc2+ 18. Kxc2 dxe5 19. fxe5
Nxe5 20. Kc3 Bb7 21. Kd4 Nd3 22. Rxe8+ Rxe8 23. Ne4 Rd8 24. Nc5 Bxd5 25. Bxd5
Nb4 26. Nxa6 Rxd5+ {0-1 Bertrem,S-Bogaerts,J/Belgium 2000/CBM 81 ext (26)}) (5.
a3 Bxd2+ 6. Qxd2 cxd4 7. Qxd4 Qa5+ 8. Bd2 Nc6 9. Qxf6 Qxd2+ 10. Kxd2 gxf6 $14)
5... Qa5 (5... cxd4 $5 {ist zu ueberlegen} 6. exd4 d5 $11) 6. Bxf6 $14 Bxd2+ 7.
Qxd2 Qxd2+ 8. Kxd2 gxf6 9. Nf3 d6 {Punkt e5} 10. a3 Nc6 11. g3 Bd7 12. h4 Na5
13. Kc3 Bc6 14. Be2 Rc8 15. dxc5 dxc5 16. h5 h6 {Befestigt g5} 17. Rh4 Rg8 (
17... b6 18. b4 Bxf3 19. Bxf3 $14) 18. b4 cxb4+ $2 (18... Bxf3 $142 19. Bxf3
Nc6 20. bxc5 Ke7 $16) 19. axb4 $18 Bxf3 20. Bxf3 Nc6 21. b5 Ne5 (21... Nd8 22.
Rxa7 Rb8 $18) 22. Bxb7 Rc7 (22... Rb8 {holt die Kuh nicht vom Eis} 23. Rxa7 f5
24. c5 $18) 23. Rxa7 Ke7 24. b6 Rc5 (24... Rd7 {aendert nichts mehr} 25. c5
Rd3+ 26. Kb4 $18) 25. Bg2+ Kf8 (25... Nd7 {ist noch eine Idee} 26. Kb4 Rcc8 $18
) 26. b7 Kg7 27. Ra8 Nd7 28. Rg4+ Rg5 29. Rxg5+ fxg5 30. Rxg8+ Kxg8 31. c5 $1 {
ist die ueberraschende Widerlegung} (31. c5 Nxc5 32. b8=Q+ Kg7 33. Qe5+ Kf8 34.
Qxc5+ Kg7 35. Qe5+ Kg8 36. Qf6 e5 37. Bd5 Kh7 38. Qxf7+ Kh8 39. Qg8#) 1-0

[Event "58. BEM 2004"]
[Site "Dortmund"]
[Date "2004.03.01"]
[Round "1.3"]
[White "Morgenroth, Hubertus"]
[Black "Goldschmidt, Christian"]
[Result "0-1"]
[WhiteElo "1654"]
[BlackElo "2109"]
[Annotator "Fritz 7 (15s)"]
[PlyCount "80"]
[EventDate "2004.??.??"]
[Source "SG Dortmund"]
[SourceDate "2004.12.16"]

{C58: Two Knights: 4 Ng5 d5 5 exd5 Na5 sidelines
} 1. e4 e5 2. Nf3 Nc6 3. Bc4
Nf6 4. Ng5 d5 5. exd5 Na5 6. Bb5+ c6 7. dxc6 bxc6 8. Qf3 h6 9. Ne4 Nd5 (9...
Bd7 10. Bd3 Be7 11. Nbc3 O-O 12. b3 Nb7 13. Nxf6+ Bxf6 14. Ba3 Re8 15. O-O Be7
16. Bxe7 Qxe7 17. Rfe1 Qg5 18. Qe3 Qe7 19. f4 Nc5 20. fxe5 Rad8 21. b4 Nxd3 22.
cxd3 Qxb4 23. Qxa7 Bf5 24. Qa4 Qc5+ 25. Kh1 Rxd3 26. Qf4 Bg6 27. Rac1 Qb6 28.
Re3 Rxd2 29. h4 Qb2 30. Rf1 Rxg2 31. Rh3 h5 32. Ne4 Qxa2 {
0-1 Busch,C-Rosenblatt,M/Oberhof 1999/EXT 2000 (32)}) 10. Ba4 (10. Nbc3 cxb5
11. Nxd5 Bb7 12. Ne3 Qd7 13. O-O Nc6 14. d3 O-O-O 15. c3 g6 16. a4 b4 17. Nf6
Qe6 18. Nfd5 f5 19. c4 Nd4 20. Qh3 g5 21. Re1 Rg8 22. Qh5 g4 23. Nf1 Nc2 24.
Bf4 Nxa1 {Van der Wiel,J-Spassky,B/Reggio Emilia 1986/CBM 04/0-1 (38)}) 10...
Be7 11. O-O O-O 12. Nbc3 $146 (12. Re1 f5 13. Ng3 e4 14. Qd1 Ba6 15. c3 Bd3 16.
b4 Nc4 17. Bxc6 Rc8 18. Ba4 a5 19. a3 Bd6 20. Bb3 Bb8 21. b5 Ba7 22. Nh1 Kh8
23. a4 Nf4 24. Bxc4 Rxc4 25. Na3 Rc8 26. Nc2 Qg5 {
Stenzel,H-Brooks,M/Chicago 1994/EXT 97/0-1 (39)}) 12... f5 13. Ng3 e4 {
Raumvorteil} 14. Qd1 Bd6 15. d3 Ba6 16. Bd2 exd3 17. cxd3 Nb4 18. Qh5 Bxd3 19.
Rfd1 Rf6 20. a3 Na6 (20... Nc2 $142 $5 21. Rac1 Bxg3 22. Bxc2 Bxc2 23. Rxc2 Bd6
$16) 21. b4 $18 Nc4 22. Bb3 (22. Bxc6 $142 Bxg3 23. Bd5+ Kh8 24. hxg3 $18 (24.
Bxa8 Bxf2+ 25. Kxf2 Qd4+ 26. Kf3 Re6 $11)) 22... Kh7 $2 (22... Bxg3 $142 23.
hxg3 Qd4 $18) 23. Bg5 Nb2 24. Rd2 Be5 25. Rc1 (25. Rxb2 $6 {
ist schnell zu verwerfen} 25... Bxc3 26. Bxf6 Qxf6 $11) (25. Bxf6 $6 Qxf6 26.
Nd1 f4 $16) 25... f4 (25... Qe7 {waere noch eine kleine Chance} 26. Na4 f4 27.
Nxb2 Bxb2 28. Rxb2 fxg3 29. Bxf6 Qxf6 $18) 26. Bxf6 (26. Rxb2 $6 {
ist wenig wert} 26... fxg3 27. hxg3 Rf5 28. Bxd8 Rxh5 $18) 26... Qxf6 27. Nge4
Qe7 28. Rxb2 Bxe4 29. Re2 Bxc3 (29... g6 30. Qh3 Bf5 31. g4 fxg3 32. Qxg3 $18)
30. Rxc3 (30. Bc2 $142 {gibt noch groesseren Vorteil} 30... g6 31. Rxe4 gxh5
32. Rxe7+ Kh8 33. Rh7+ Kg8 $18) 30... Qf6 31. Rc1 (31. Rxe4 $6 Qxc3 32. Qd1 Kh8
$16) 31... Bd3 (31... Bg6 {aendert den Lauf der Dinge nicht} 32. Bc2 Bxc2 33.
Rexc2 $18) 32. Bc2 (32. Re6 Qb2 33. Rce1 Rg8 34. Rxh6+ gxh6 35. Bxg8+ Kxg8 36.
Qe8+ Kh7 37. Re7+ Qg7 $18) 32... Rd8 33. Bxd3+ (33. Qf3 $5 {
waere im Gewinnsinne praeziser} 33... Bxc2 34. Rexc2 Nb8 $18) 33... Rxd3 34.
Qa5 f3 35. Qxa6 Qg6 36. g3 $4 {gibt den Vorteil aus der Hand} (36. Qxd3 $142 $1
Qxd3 37. Re3 $16) 36... fxe2 $19 37. Re1 Qe4 38. f4 (38. Qa4 $19) 38... Qe3+
39. Kg2 Qf3+ 40. Kh3 Rd5 (40... Rd5 41. Qd3+ Rxd3 42. a4 Rd5 43. f5 Rxf5 44.
Rxe2 Rh5#) 0-1

[Event "58. BEM 2004"]
[Site "Dortmund"]
[Date "2004.03.01"]
[Round "1.4"]
[White "Schiefelbusch, Dirk"]
[Black "Klein, Hans-Joachim"]
[Result "1-0"]
[WhiteElo "2103"]
[BlackElo "1637"]
[Annotator "Fritz 7 (15s)"]
[PlyCount "113"]
[EventDate "2004.??.??"]
[Source "SG Dortmund"]
[SourceDate "2004.12.16"]

{D02: 1 d4 d5 2 Nf3 sidelines, including 2...Nf6 3 g3 and 2...Nf6 3 Bf4
} 1. d4
d5 2. Nf3 Bf5 3. Bg5 h6 4. Bh4 Nc6 $146 (4... c6 5. c3 (5. e3 Nd7 6. Bd3 Bxd3
7. cxd3 Qb6 8. Qe2 e6 9. O-O Ne7 10. e4 g5 11. Bg3 Bg7 12. Nc3 Bxd4 13. Bd6 Bf6
14. Rfc1 d4 15. Na4 Qd8 16. e5 Nf5 17. Ba3 g4 18. exf6 gxf3 19. Qxf3 Qxf6 {
Urzica,A-Ceteras,M/Sovata 1997/EXT 2000/1-0 (31)}) 5... Nd7 6. e3 Ngf6 7. Bd3
Bxd3 8. Qxd3 Qb6 9. b3 Ne4 10. O-O g5 11. Bg3 Bg7 12. Nfd2 f5 13. f3 Nxg3 14.
hxg3 O-O 15. Na3 e5 16. Nc2 Qc7 17. f4 exf4 18. gxf4 g4 19. g3 {
Andreev,E-Pavlovski,T/Pamporovo 2001/CBM 84 ext/1/2-1/2 (68)}) (4... g5 5. Bg3
e6 6. e3 h5 7. Be2 h4 8. Be5 f6 9. Nxg5 fxe5 10. Bh5+ Kd7 11. Nf7 Qf6 12. dxe5
Qg7 13. Nxh8 Qxh8 14. f4 Bxc2 15. Be8+ Kxe8 16. Qxc2 c6 17. Qg6+ Kd7 18. Kf2
Na6 19. Qc2 {Pellicer Coloma,P-Lasierra,J/San Jose 1998/EXT 2000/0-1 (45)}) 5.
e3 a6 {Der Gegner darf nicht nach b5} 6. c4 g5 7. Bg3 e6 8. Nc3 Nf6 9. cxd5
exd5 10. Bd3 Be6 11. O-O Bg4 12. h3 Bh5 13. Be2 Be7 14. Ne5 Nxe5 15. Bxh5 Nc6
16. Bf3 Na5 17. Rc1 c6 18. Re1 Nc4 (18... O-O $5 $16) 19. e4 $18 dxe4 20. Nxe4
Nxe4 21. Bxe4 (21. Rxc4 $6 Nxg3 22. fxg3 O-O $14) 21... Nd6 22. Be5 f6 23. Bg6+
Kd7 (23... Kf8 $142 24. Qb3 Qc7 $18) 24. Bg3 Rg8 25. Bh5 Rg7 26. Qb3 Kc7 27. d5
Qg8 (27... f5 28. f3 $18) 28. Bf3 (28. Rxe7+ Rxe7 29. Bxd6+ Kxd6 30. Qb4+ Kc7
31. Qxe7+ Kb8 32. dxc6 $18) 28... Kd8 (28... Qf8 29. dxc6 b6 30. Rcd1 $18) 29.
dxc6 (29. Qb6+ $142 {machte sofort alles klar} 29... Ke8 30. Bxd6 $18) 29...
Qxb3 30. axb3 bxc6 31. Bxc6 Ra7 32. Ba4 (32. Rcd1 $142 {sichert den Gewinn}
32... Kc7 33. Ba4 $18) 32... Nb5 33. Ra1 Bb4 (33... Bc5 $5 $16) 34. Re6 $18
Rgf7 35. Bxb5 axb5 36. Rxa7 Rxa7 37. Rxf6 h5 38. Rf5 h4 39. Be5 Ke7 $2 (39...
Ra1+ $142 $5 40. Kh2 Be7 $16) 40. Rxg5 $18 Ke6 41. Bf4 Rb7 42. Re5+ Kf6 43. Rh5
Be7 44. Rxh4 Kf5 45. Rg4 Bf6 46. Be3 Rd7 47. Kh2 Be5+ 48. g3 Rd3 49. Rb4 Rd5
50. Kg2 Bxb2 51. Kf3 Bc3 52. Re4 b4 53. Rc4 Kg6 54. Ke4 Re5+ 55. Kd3 Rf5 (55...
Rd5+ {waere gleichermassen fruchtlos} 56. Bd4 $18) 56. Rxc3 bxc3 57. Kxc3 (57.
Kxc3 Rf8 58. b4 $18) 1-0

[Event "58. BEM 2004"]
[Site "Dortmund"]
[Date "2004.03.01"]
[Round "1.5"]
[White "Schultz, Bernfried"]
[Black "Gorval, Evgueni"]
[Result "1-0"]
[WhiteElo "1611"]
[BlackElo "2089"]
[Annotator "Fritz 7 (15s)"]
[PlyCount "121"]
[EventDate "2004.??.??"]
[Source "SG Dortmund"]
[SourceDate "2004.12.16"]

{C18: French: 3 Nc3 Bb4: Main line: 7 h4 and 7 Qg4
} 1. e4 e6 2. d4 d5 3. Nc3
Bb4 4. e5 c5 5. a3 Bxc3+ 6. bxc3 Ne7 7. Qg4 Qc7 8. Qxg7 Rg8 9. Qxh7 cxd4 10.
Ne2 Nbc6 11. f4 dxc3 12. Qd3 Bd7 13. Qxc3 Rc8 14. Rb1 (14. Bd2) 14... d4 (14...
Na5 15. Qxc7 Rxc7 16. Nd4 Nf5 17. Nxf5 exf5 18. Bd2 Nc4 19. Rb3 f6 20. exf6 Kf7
21. Rh3 Kxf6 22. Bc3+ Kf7 23. Be2 Nb6 24. O-O d4 25. Bxd4 Rxc2 26. Bf3 Bc6 27.
Rh7+ Kg6 28. Re7 Rd8 29. Rfe1 {Mestel,A-Barbulescu,D/Luzern 1985/MCD/1-0 (40)})
15. Qd3 a6 $146 (15... Nf5 16. Ng3 (16. Rg1 Na5 17. Nxd4 Nxd4 18. Qxd4 Qxc2 19.
Bd3 Qa2 20. Bd2 Nc4 21. Rd1 Nxd2 22. Rxd2 Qxa3 23. Bh7 {
1-0 Michalczak,T-Goebel/GER 1992/EXT 2002 (23)}) 16... Nce7 17. Ne4 Nd5 18. g3
Ba4 19. c4 dxc3 20. Bh3 c2 21. Ra1 Nde7 22. Kf2 Rd8 23. Qc3 Qxc3 24. Nxc3 Bc6
25. Bg2 Bxg2 26. Kxg2 Rd3 27. Ne4 Nd5 28. Kf2 Ke7 29. a4 Rc8 30. h4 {
Narciso Dublan,M-Dhar Barua,S/Benasque 1997/EXT 98/0-1 (44)}) 16. Rg1 (16. Ng3
$142 $5 b5 $18) 16... b5 17. g4 Qb6 18. Kd1 Qc5 19. Rg3 (19. Ng3 Nd5 (19...
Rxg4 20. Ne4 Nxe5 21. fxe5 (21. Nxc5 {bringt nichts} 21... Nxd3 22. Rxg4 Nf2+
23. Ke1 Nxg4 24. Nxa6 Nxh2 $17) 21... Rxe4 22. Qxe4 $16) 20. Ne4 Qf8 $18) 19...
b4 20. Bg2 (20. Qxa6 $6 Nxe5 21. Qxc8+ Nxc8 22. axb4 Qb5 23. fxe5 Qxe5 $15)
20... a5 21. Be4 Nd5 22. h3 Nxe5 $2 (22... Rd8 $142 $16) 23. fxe5 $18 Bb5 24.
Qb3 (24. Qd2 $142 $5 Bxe2+ 25. Kxe2 Nc3+ 26. Rxc3 dxc3 27. Qf4 bxa3 28. Bd3 $18
) 24... Nc3+ $16 25. Nxc3 dxc3 26. axb4 $4 {laesst den Gewinn aus.} (26. Re3
Rh8 27. Ke1 Rxh3 28. Kf2 Rh2+ 29. Kg1 $11) 26... Qxe5 (26... Qf2 27. Bd3 Bxd3
28. Qa4+ Kf8 29. Bh6+ Rg7 30. Qe8+ Kxe8 31. cxd3 c2+ 32. Kc1 Qe1+ 33. Kb2 Qxb4+
34. Kc1 cxb1=Q#) 27. Re3 (27. bxa5 Qd4+ 28. Bd3 Bxd3 $11) 27... Qd4+ $2 (27...
Rxg4 28. hxg4 Qh2 $11) 28. Ke1 $18 a4 29. Qa3 Ke7 30. Bd3 Rc4 31. Bxc4 (31. Ra1
$142 $18 {liesse Schwarz keine Chance}) 31... Qxc4 $14 32. Qxc3 Qf1+ 33. Kd2
Rd8+ 34. Rd3 Qf2+ 35. Kd1 Qf1+ 36. Qe1 Rxd3+ $4 {danach wendet sich das Blatt}
(36... Bxd3 $142 {bringt noch Rettung} 37. Qxf1 Bxf1+ 38. Ke1 Bxh3 $11) 37.
cxd3 $18 Qxd3+ 38. Qd2 Qxb1 39. Qg5+ f6 40. Qxb5 Qb3+ 41. Kd2 Qxh3 42. Qc5+ Kd7
43. Qd4+ Ke7 44. b5 Qh2+ (44... Qb3 45. b6 Qg3 46. Qb4+ Kd8 47. b7 (47. Qxa4 $6
Qf2+ 48. Kd3 Qxb6 $18) 47... Qf2+ 48. Kd3 Qf3+ 49. Be3 Qd1+ 50. Kc3 Qe1+ 51.
Bd2 Qg3+ 52. Kb2 $18) 45. Kc3 Qc7+ 46. Qc4 Qe5+ 47. Kb4 Qa1 (47... Qd6+ {
aendert den Lauf der Dinge nicht} 48. Kxa4 Qb6 49. Bb2 $18) 48. Ka5 Qe5 49.
Ba3+ Kd8 50. Kxa4 (50. Ka6 Qd5 51. Qxd5+ exd5 $18) 50... f5 51. gxf5 exf5 52.
Bc1 Qa1+ 53. Kb4 Qb1+ (53... Qf6 $18 {verlaengert das Leiden}) 54. Kc5 Qa1 55.
Bg5+ Kc7 (55... Kd7 {macht keinen grossen Unterschied} 56. Qf7+ Kc8 57. Qe8+
Kb7 58. Qc6+ Kb8 59. Bf4+ Ka7 60. Qc7+ Ka8 61. Qb8#) 56. Qf7+ (56. Kd5+ Kb7 57.
Qc6+ Ka7 58. Qc7+ Ka8 59. Qc8+ Ka7 60. Be3+ Qd4+ 61. Bxd4#) 56... Kc8 57. Qxf5+
(57. Qe6+ Kc7 58. Qc6+ Kb8 59. Bf4+ Ka7 60. Qc7+ Ka8 61. Qb8#) 57... Kb7 58.
Qd7+ Ka8 (58... Kb8 {hilft auch nicht mehr} 59. Bf4+ Qe5+ 60. Kc6 Qd6+ 61.
Qxd6+ Ka7 62. Qa3#) 59. Qc6+ (59. Qc8+ Ka7 60. b6#) 59... Ka7 (59... Kb8 {
macht keinen grossen Unterschied} 60. Bf4+ Ka7 61. Qc7+ Ka8 62. Qb8#) 60. b6+
Ka6 (60... Kb8 {hilft allerdings auch nicht} 61. Bf4+ Qe5+ 62. Bxe5#) 61. Qa8#
1-0

[Event "58. BEM 2004"]
[Site "Dortmund"]
[Date "2004.03.01"]
[Round "1.6"]
[White "Litwak, Aleksej"]
[Black "Benke, Werner"]
[Result "1-0"]
[WhiteElo "2067"]
[BlackElo "1609"]
[Annotator "Fritz 7 (15s)"]
[PlyCount "67"]
[EventDate "2004.??.??"]
[Source "SG Dortmund"]
[SourceDate "2004.12.16"]

{C62: Ruy Lopez: Steinitz Defence
} 1. e4 e5 2. Nf3 Nc6 3. Bb5 d6 4. O-O Bd7 5.
c3 Nf6 6. Re1 Be7 7. d4 exd4 8. cxd4 O-O 9. Nc3 a6 (9... h6 10. h3 Qc8 11. Bf1
Re8 12. Bf4 Bf8 13. Rc1 Ne7 14. Bh2 Ng6 15. e5 dxe5 16. dxe5 Nh7 17. Nb5 Bxb5
18. Bxb5 Rd8 19. Qb3 c6 20. Bc4 Nh8 21. e6 Be7 22. exf7+ Kf8 23. Be6 {
1-0 Magyar,O-Rapeau,P/Val Thorens 1989/EXT 97 (23)}) 10. Ba4 h6 (10... Bg4 11.
Be3 d5 12. e5 Ne4 13. Bb3 Nxc3 14. bxc3 f6 15. Bf4 fxe5 16. Bxe5 Nxe5 17. Rxe5
Bxf3 18. gxf3 c6 19. Bc2 Bd6 20. Rh5 g6 21. Qd3 Rf7 22. Rh3 Qg5+ 23. Kh1 Raf8
24. Rg1 Qf6 25. Rg4 Rg7 {
1/2-1/2 Bergese,M-Cadelago,E/Santa Fe 2001/EXT 2002 (25)}) 11. h3 Re8 12. Bc2
$146 (12. a3 Bf8 13. Qd3 b5 14. Bc2 g6 15. Bd2 Bg7 16. Re2 Ra7 17. Rae1 d5 18.
g4 dxe4 19. Nxe4 Nxe4 20. Rxe4 Rxe4 21. Qxe4 Be6 22. Qxc6 {
1-0 Ananjev,A-Reichhardt,P/Fischbek 1997/EXT 2002 (22)}) 12... Bf8 13. a3 {
Es geht um b4} 13... Ne7 14. e5 dxe5 15. dxe5 (15. Nxe5 $6 Be6 $11) (15. Rxe5
$6 Be6 $11) 15... Nh7 16. Nd4 Qc8 17. Qd3 Ng6 18. Qg3 c5 19. Bxg6 fxg6 20. Nf3
g5 21. Be3 Bc6 22. Rad1 Rd8 (22... Qf5 23. Bc1 $11) 23. h4 (23. Rxd8 Qxd8 24.
h4 Qd7 $16) 23... Qf5 24. hxg5 Bxf3 25. Qxf3 Qxf3 26. gxf3 hxg5 27. Ne4 Be7 (
27... Rxd1 $142 $5 28. Rxd1 Re8 $16) 28. Bxc5 $18 Kf7 29. e6+ Kf8 $2 (29... Ke8
$142 $18) 30. Rd7 Rxd7 (30... Re8 31. Nd6 Bxd6 32. Bxd6+ Kg8 33. Rxb7 $18) 31.
exd7 Nf6 (31... Bxc5 {ist vielleicht ein Schwindelversuch} 32. Nxc5 Rd8 33.
Ne6+ Ke7 34. Nxg5+ Kxd7 35. Nxh7 Rh8 $18) 32. Bxe7+ (32. Nxf6 $142 {
und Schwarz kann direkt aufgeben} 32... Bxc5 33. Re8+ Kf7 34. Rxa8 Be7 $18)
32... Kxe7 33. Nxf6+ Kxf6 (33... Kd6 {
wuerde die Partie unwesentlich verlaengern} 34. Re8 gxf6 35. Rxa8 Kxd7 $18) 34.
Re8 (34. Re8 Rd8 35. Rxd8 $18) 1-0

[Event "58. BEM 2004"]
[Site "Dortmund"]
[Date "2004.03.01"]
[Round "1.7"]
[White "Scholtyßek, Norbert"]
[Black "Zimmermann, Dirk"]
[Result "0-1"]
[WhiteElo "1608"]
[BlackElo "2025"]
[Annotator "Fritz 7 (15s)"]
[PlyCount "96"]
[EventDate "2004.??.??"]
[Source "SG Dortmund"]
[SourceDate "2004.12.16"]

{A03: Bird's Opening with 1...d5
} 1. b3 d5 2. Bb2 Nf6 3. f4 b6 4. Nf3 Bb7 5.
e3 e6 6. Be2 Be7 (6... g6 7. O-O Bg7 8. Qe1 O-O 9. Nc3 c5 10. Nd1 Nc6 11. d3
Re8 12. Ne5 Nd7 13. Nxc6 Bxc6 14. Bxg7 Kxg7 15. d4 f5 16. Qc3 Kg8 17. Nf2 Rc8
18. Qb2 Nf6 19. Rfd1 Qe7 20. Qa3 Rc7 21. Rac1 {
Murey,J-Meijers,V/Dieren 2000/CBM 77 ext/1-0 (54)}) 7. O-O Nbd7 (7... Rg8 8. d3
Nbd7 9. Nbd2 Ng4 10. e4 Ne3 11. Qc1 Nxf1 12. Qxf1 dxe4 13. dxe4 g5 14. fxg5
Bxg5 15. Nxg5 Qxg5 16. Nf3 Qc5+ 17. Bd4 Qe7 18. Ne5 Nxe5 19. Bxe5 Qc5+ 20. Kh1
Qxe5 21. Rd1 Rd8 22. Bb5+ c6 23. Rxd8+ Kxd8 24. Qxf7 Qg5 25. Bf1 Qg7 26. Qxe6
Rf8 27. Qd6+ Kc8 28. Kg1 Qf6 29. Qd1 Qf2+ {
0-1 Anders,S-Donst,B/Kiel 2000/EXT 2002 (29)}) 8. d3 $146 {Kontrolliert e4} (8.
Kh1 O-O 9. Qe1 Ne4 10. d3 Bf6 11. Ne5 Bxe5 12. fxe5 Nec5 13. Ba3 Re8 14. Nc3
Qg5 15. Qf2 f6 16. d4 Na6 17. Nb5 Rec8 18. Bd3 Nab8 19. Be7 Nc6 20. h4 Qh5 21.
exf6 Nxe7 22. fxe7 a6 23. Nc3 Qe8 24. e4 Qxe7 25. Rae1 Qb4 26. Qf7+ Kh8 27. e5
Qxc3 28. Qh5 {1-0 Moor,R-Fischer,A/Leukerbad 1992/EXT 97 (28)}) (8. Ne5 O-O 9.
Bf3 Ne4 10. d3 Nd6 11. Nxd7 Qxd7 12. Nd2 c5 13. Qe2 Nf5 14. Rfe1 Rad8 15. Qf2
Rc8 16. c4 d4 17. e4 Ne3 18. Nf1 Nxf1 19. Rxf1 f5 20. e5 a6 21. a4 Bd8 22. g4
Bxf3 23. Qxf3 Qc6 24. Qxc6 {
1/2-1/2 Gauch,M-Rudnizki,S/Bonn Roettgen 1999/EXT 2002 (24)}) (8. Qe1 O-O 9. h3
Ne8 10. Qg3 Ndf6 11. d3 g6 12. Nbd2 Ng7 13. Qf2 c5 14. Kh2 Nd7 15. g4 Qc7 16.
Ne5 f6 17. Nxd7 Qxd7 18. Bf3 g5 19. fxg5 fxg5 20. Be5 Rf7 21. Qg3 Raf8 22. Bg2
Qe8 {Wisker,J-Rosenthal,S/London 1871/EXT 2002/1/2-1/2 (37)}) 8... c5 9. Nbd2 (
9. Ne5 $142 $11 {ist noch spielbar}) 9... Ng4 $19 10. Qc1 Nxe3 11. Re1 O-O 12.
Nf1 Nxf1 13. Rxf1 Bf6 14. c3 {Deckt d4} 14... e5 15. d4 cxd4 16. fxe5 Nxe5 17.
cxd4 Nxf3+ 18. Rxf3 Rc8 19. Qd1 Re8 20. Bd3 g6 21. Qf1 Re6 22. Qf2 Rc7 23. Rf1
Bh4 24. g3 Bg5 25. Kg2 Qe8 26. Ba3 Be3 27. Qb2 Bh6 28. Qa1 Bc8 29. Bc1 Bxc1 30.
Rxc1 Rxc1 31. Qxc1 Re1 32. Qd2 Qe6 33. Kf2 Rh1 34. Kg2 Ra1 35. Rf1 Rxf1 36.
Kxf1 Qf6+ 37. Qf2 Kg7 38. Qf4 h6 39. Kg2 Qxf4 40. gxf4 Kf6 41. h4 Bf5 42. Bb5
Bb1 43. a3 Bc2 (43... Kf5 $5 44. Kf3 Be4+ 45. Kg3 $19) 44. b4 $17 Kf5 45. Kg3
$2 (45. Kf3 $142 $19) 45... Ke4 46. Be8 f5 47. Bxg6 Kxd4 48. Bf7 Ke4 (48... Ke4
49. Be8 d4 50. Bc6+ Ke3 $19) 0-1